[Event "Loire-ch op"]
[Site "Loire"]
[Date "2004.01.10"]
[Round "2"]
[White "Gidon, Rene"]
[Black "Brachet, Gerard"]
[Result "1-0"]
[WhiteElo "1530"]
[BlackElo "1350"]
[PlyCount "103"]
[EventDate "2004.01.10"]
[EventType "swiss"]
[EventRounds "9"]
[EventCountry "FRA"]
[SourceTitle "EXT 2008"]
[Source "ChessBase"]
[SourceDate "2007.11.25"]
[SourceVersion "1"]
[SourceVersionDate "2007.11.25"]
[SourceQuality "1"]

1. e4 e5 2. Nf3 Nc6 3. Bb5 Nge7 4. 0-0 d6 5. c3 Be6 6. d4 a6 7. Bxc6+ Nxc6 8. d5 Bd7 9. dxc6 Bxc6 10. Re1 Be7 11. Qc2 0-0 12. Be3 Bf6 13. Nbd2 Qd7 14. Rad1 b5 15. c4 a5 16. cxb5 Bxb5 17. Nc4 Qc6 18. b3 a4 19. Rc1 axb3 20. axb3 Ra6 21. Nb2 Qxc2 22. Rxc2 c5 23. Nc4 Rd8 24. Rd1 Bxc4 25. bxc4 h6 26. Nd2 Rda8 27. h3 Be7 28. Rcc1 Ra3 29. Nb1 Rb3 30. Nc3 Raa3 31. Nd5 Bf8 32. Rb1 f6 33. Rxb3 Rxb3 34. Kf1 Kf7 35. Ke2 Ke6 36. Kd2 f5 37. exf5+ Kxf5 38. g4+ Ke4 39. Ke2 Rb2+ 40. Rd2 Rxd2+ 41. Kxd2 Kf3 42. Kd3 e4+ 43. Kd2 g5 44. Nf6 Bg7 45. Nh5 Bd4 46. Bxd4 cxd4 47. Nf6 e3+ 48. fxe3 dxe3+ 49. Ke1 Kg3 50. Ke2 Kxh3 51. Kxe3 Kg3 52. Ke4 1-0